000 00352nam a2200157Ia 4500
003 OSt
005 20240222125537.0
008 170524s9999 xx 000 0 und d
020 _a978-0075616344
040 _cIIMT UNIVERSITY MEERUT
100 _aHadi Faadat
245 0 _aPower System Analysis
260 _bTMH
260 _c2004
942 _2ddc
_c02
999 _c5148
_d5148